000 00678nam a2200193Ii 4500
003 JO-AjNU
008 230605s9999||||xx |||||||||||||| ||und||
040 _aJO-AjNU
_bara
_erda
_cJO-AjNU
041 _aara
050 1 4 _aLC1043 1962
100 3 _aعبد الجواد، صلاح العرب,
_eauthor
_936119
245 0 0 _aدراسات في التربية:إتجاهات جديدة في التربية الصناعية، ج1
264 3 1 _aالقاهرة:دار المعارف،1962
300 _aج1، 260ص
336 _atext
_btxt
_2rdacontent
337 _aunmediated
_bn
_2rdamedia
338 _avolume
_bnc
_2rdacarrier
650 4 _aالتربية الصناعية
_936120
999 _aA14977
_c18545
_d18545